Statistics for Overlapping Song Titles #2

Click here to take the quiz!

General Stats

  • This quiz has been taken 58 times
  • The average score is 19 of 25

Answer Stats

Answer% Correct
Bohemian {Rhapsody} in Blue
100%
Born to Be {Wild} Thing
98%
Stairway to {Heaven} Is a Place on Earth
98%
Jailhouse {Rock} Lobster
96%
Paint it {Black} Water
96%
Proud {Mary} Had a Little Lamb
96%
God Save the {Queen} of the Roller Derby
94%
Hit the Road {Jack} and Diane
94%
Smells Like Teen {Spirit} in the Sky
91%
Baby's Got {Back} in the USSR
87%
Hurt So {Bad} to the Bone
85%
The Sound of {Silence} Is Golden
85%
Tainted {Love} Child
83%
Down by the {River} Deep Mountain High
81%
Sympathy for the {Devil} with a Blue Dress
78%
Carefree {Highway} to Hell
72%
Achilles Last {Stand} By Me
70%
Jimmy {Mack} the Knife
69%
Have You Ever Been {Mellow} Yellow
59%
Don't Be {Cruel} to Be Kind
57%
Get Off My {Cloud} Nine
54%
People Got to Be {Free} Bird
52%
After {Midnight} at the Oasis
46%
Time of the {Season} of the Witch
43%
To Love {Somebody} To Love
41%

Score Distribution

Percentile by Number Answered

Percent of People with Each Score

Your Score History

You have not taken this quiz